00706nam a2200193 i 4500001000700000003000900007007000300016008004100019080001700060100003100077245008000108260004300188300002200231500002900253651005600282852003300338999001900371952012200390105954ES-MaACLt|060914s1949 fr ||||1| fre d a338.2(4-664)1 aPopovic, Melentije.99310210aDes rapports économiques entre états socialistes / cMelentije Popovic. aParis : bLe Livre Yougoslave, c1949. a140 p. ; c17 cm. aBiblioteca Juan Andrade. 4aPaíses comunistas-xPolítica económica.99170 aES-MaACLjAND-964 bR.110252 c105954d105954 00104070aATENEOMbATENEOMcDEPO2d2008-01-17eSCl0oAND-964p1110616r2023-02-23 00:00:00w2023-02-23yMONOGRAFIA